| 000 | 01076cam a22002533a 4500 | ||
|---|---|---|---|
| 001 | 294 | ||
| 003 | PGUSA | ||
| 005 | 20140828082946.0 | ||
| 008 | 950701s1995||||xxu|||||s|||||000 1 eng d | ||
| 040 |
_aPGUSA _beng |
||
| 042 | _adc | ||
| 050 | 4 | _aPR | |
| 100 | 1 |
_aDoyle, Arthur Conan, _d1859-1930 |
|
| 245 | 1 | 4 |
_aThe Captain of the Polestar, and Other Tales _h[electronic resource] / _cArthur Conan Doyle |
| 260 |
_bProject Gutenberg, _c1995 |
||
| 505 | 0 | _aThe captain of the "Pole-star" -- F. Habakuk Jephson's statement -- The great Keinplatz experiment -- The man from Archangel -- That little square box -- John Huxford's hiatus -- Cyprian Overback Wells: a literary mosaic -- John Barrington Cowles -- Elias B. Hopkins, the parson of Jackman's Gulch -- The ring of Thoth. | |
| 506 | _aPublic domain in the USA. | ||
| 516 | _aElectronic text | ||
| 653 | _aShort stories, English | ||
| 653 | _aGreat Britain -- Social life and customs -- 19th century -- Fiction | ||
| 830 | 0 |
_aProject Gutenberg _v294 |
|
| 856 | 4 | 0 | _uhttp://www.gutenberg.org/ebooks/294 |
| 942 | _cEB | ||
| 999 |
_c229645 _d229645 |
||